Mùa áo vàng

Đã lưu trong:
書目詳細資料
主要作者: Từ, Kế Tường
格式: 圖書
語言:Undetermined
出版: Thành phố Hồ Chí Minh Trẻ 2000
主題:
標簽: 添加標簽
沒有標簽, 成為第一個標記此記錄!
Thư viện lưu trữ: Trung tâm Học liệu Trường Đại học Cần Thơ
LEADER 00529nam a2200181Ia 4500
001 CTU_42129
008 210402s9999 xx 000 0 und d
082 |a 895.9223 
082 |b T561m 
100 |a Từ, Kế Tường 
245 0 |a Mùa áo vàng 
245 0 |c Từ Kế Tường 
260 |a Thành phố Hồ Chí Minh 
260 |b Trẻ 
260 |c 2000 
650 |a Vietnamese fiction,Vietnamese literature 
650 |y 20th century 
980 |a Trung tâm Học liệu Trường Đại học Cần Thơ